Etiqueta de registo: 00000nam 2200025 450
001 2287217
003 http://id.bnportugal.gov.pt/bib/catbnp/2287217
010 ## $a978-972-20-8933-3
021 ## $aPT$b563587/26
100 ## $a20260529d2026 m y0pory01030103ba
101 1# $apor$ceng
102 ## $aPT
105 ## $aa z 000yy
106 ## $ar
200 1# $a O vício dos fundos europeus$e as consequências da política de coesão e por que razão deve terminar$fNuno Palma$gtrad. Mónica Silvares
205 ## $a1ª ed
210 #9 $aAlfragide$cD. Quixote,$d2026
215 ## $a322 p.$cil.$d24 cm
700 #1 $92$aPalma,$bNuno$31999632
702 #1 $aSilvares,$bMónica$4730$31227569
801 #0 $aPT$bBN$gRPC
966 ## $lBN$mFGMON$x1
966 ## $lBN$mFGMON$x1
971 ## $corlando$d20260529